000 00732nam a22002657a 4500
001 BR9002079
003 BR-BrBNA
005 20230928093436.0
007 ta
008 230509b bl.||||| |||| 00| 0 por d
040 _aBR-BrBNA
_bpor
_cBiblioteca Nacional de Agricultura
041 _a(Eng, Por)
072 _aF03
_b3575
_b0336
090 _ 3575 BR9002079
100 1 _aAlbergone, N.
110 1 _aCentro Nacional de Pesquisa de Soja, Londrina, PR (Brasil)
_91793
245 1 _aQualidade da semente de soja [Bibliografia]
260 3 _aLondrina, PR (Brasil):
_c1987.
300 _a8 p.
650 _aSEMENTE
650 _aSOJA
650 _aANALISE QUALITATIVA
909 _a202309
_bLucia
_c55
_dLucia Elande
942 _cBK
999 _c45019
_d45019